000 00470nam a2200145 a 4500
001 ASINB0006E4HYA
005 20150422101144.0
008 150422s1979 xxu eng d
100 1 _aIslahi, Muhammad Yusuf.
245 1 0 _aEtiquettes of life in islam /
_cMuhammad Yusuf Islahi.
250 _a1st ed.
260 _a[S.l.] :
_bIslamic Publications,
_c1979.
300 _a521 p.
856 4 0 _3Amazon.com
_uhttp://www.amazon.com/exec/obidos/ASIN/B0006E4HYA/chopaconline-20
999 _c13245
_d13245